000 00362cam a2200145ua 4500
041 _aeng
_h
082 _a828.09
_bREI/MI
100 _aReid, J C .
245 _aMind and Art of Coventry patmore /
_cJ C Reid.
_hTextual Documents
260 _a :
_bRoutledge & Kegan Paul Ltd ,
_c1957.
300 _a358 ; .
504 _a
942 _cBK
999 _c3577
_d3577